| LEADER |
00990ngm0a2200253 450 |
| 001 |
16845664 |
| 010 |
|
|
|d 22,6
|
| 100 |
|
|
|a 20050803d2003 u u0frey01 ba
|
| 200 |
0 |
|
|a Haute - Coiffure
|f Marc Rivière, réal.
|g Pascale Chouffot, Ludovic Pion-Dumas, scénario - Carolin Petit, mus. - Michèle Bernier, Pascal Elso, Tsilla Chelton, Judith Henry ...[et al.], act
|
| 207 |
|
1 |
|a
|
| 210 |
|
|
|a France
|c Arte France
|d 2003
|
| 215 |
|
|
|a 1 DVD vidéo monoface toutes zones (95 min)
|c 16/9, coul. (PAL), son. (stéréo)
|
| 700 |
|
0 |
|a Rivière
|b Marc
|4 370
|
| 702 |
|
0 |
|a Chouffot
|b Pascale
|4 690
|
| 702 |
|
0 |
|a Pion-Dumas
|b Ludovic
|4 690
|
| 702 |
|
0 |
|a Petit
|b Carolin
|4 230
|
| 702 |
|
0 |
|a Bernier
|b Michèle
|4 590
|
| 702 |
|
0 |
|a Elso
|b Pascal
|4 590
|
| 702 |
|
0 |
|a Henry
|b Judith
|4 590
|
| 702 |
|
0 |
|a Chelton
|b Tsilla
|4 590
|
| 702 |
|
0 |
|a Chevit
|b Maurice
|4 590
|
| 900 |
|
|
|a Film
|
| 901 |
|
|
|a Accessible au prêt
|
| 995 |
|
|
|a Bibliothèque
|c Bibliothèque
|f 00156006558068
|h 00156006558068
|k F RIV
|o p
|q a
|r gd
|e Bibliothèque
|